000 00784nam a2200265Ia 4500
003 OSt
005 20221006153608.0
006 a|||||r|||| 00| 0
007 ta
008 221006b |||||||| |||| 00| 0 eng d
020 _a1565911024
_cW 30,000
024 _a32,801
037 _bGift, 29/11/2007, Korean Embassy
_cTextual
040 _aEASL
_cEASL
_beng
041 _2eng
_aeng
082 _aNA495,3, P7
100 _aHong Hyung-Ock etc Au.
_9664588
245 0 _aHanoak
_b Traditional Korean homes
260 _aNew Jersey
_bHollym USA
_c2007
300 _a240p.
_ccm.
490 _v KEL
650 _aArchitecutre-Art
_9664589
942 _hNA495,3, P7
_cTEXL
_2CC
999 _c1100887
_d1100887